[Event "Titled Tuesday intern op 23rd Apr Late"]
[Site "Chess.com INT"]
[Date "2024.04.23"]
[Round "3"]
[White "Karas, Marek"]
[Black "Bartholomew, John"]
[Result "1-0"]
[WhiteElo "2164"]
[BlackElo "2446"]
[PlyCount "185"]
[EventDate "2024.04.23"]
[EventType "swiss (blitz)"]
[EventRounds "11"]
[EventCountry "USA"]
[SourceTitle "CB18_2024"]
[SourceDate "2024.05.01"]
[SourceVersion "1"]
[SourceVersionDate "2024.05.01"]
[SourceQuality "2"]

1. d4 d5 2. Nf3 Nf6 3. c4 c6 4. e3 Bf5 5. Nc3 e6 6. Qb3 Qc7 7. Nh4 Be4 8. f3 Bg6 9. Nxg6 hxg6 10. g3 Nbd7 11. Bd2 dxc4 12. Qxc4 Bd6 13. f4 b5 14. Qe2 b4 15. Na4 Qa5 16. b3 Rc8 17. Qa6 Qxa6 18. Bxa6 Rc7 19. 0-0 Ne4 20. Rfd1 Nxd2 21. Rxd2 Nb6 22. Nxb6 axb6 23. Be2 Kd7 24. Bf3 Ra8 25. Rc1 Ra5 26. Rdc2 c5 27. dxc5 Bxc5 28. Kf2 Rca7 29. Rd1+ Ke7 30. Rdd2 f5 31. h4 e5 32. Ke2 e4 33. Bg2 Rd7 34. Rxd7+ Kxd7 35. Bf1 Ke7 36. Kf2 Ra7 37. Bb5 Ra8 38. Rd2 Bd6 39. Rc2 Rd8 40. Ke2 Bc5 41. Rd2 Ra8 42. Rd7+ Ke6 43. Rd2 Ra5 44. Bc4+ Ke7 45. Rc2 Ra7 46. Rd2 Ra5 47. Rc2 b5 48. Bd5 Kd6 49. Bf7 Bb6 50. Bxg6 Bc5 51. Bxf5 Ra6 52. Bxe4 Ra7 53. Kf3 Re7 54. Rd2+ Kc7 55. Rc2 Kb6 56. g4 Rd7 57. g5 Rd1 58. Re2 Rg1 59. h5 Rh1 60. Bg6 Rh3+ 61. Ke4 Kc6 62. Be8+ Kd6 63. Bxb5 Rxh5 64. Bc4 Rh3 65. f5 Ke7 66. Kf4 Bd6+ 67. Ke4 Rh4+ 68. Kd5 Rh5 69. Rg2 Rh1 70. f6+ gxf6 71. gxf6+ Kd7 72. f7 Bf8 73. Rg8 Ke7 74. Kc6 Rh5 75. Rg4 Re5 76. e4 Kf6 77. Bd5 Ke7 78. Rg8 Rh5 79. Kb5 Rh2 80. Kxb4 Rxa2 81. Kc4 Rc2+ 82. Kb5 Rf2 83. b4 Rb2 84. Kc4 Rb1 85. b5 Rc1+ 86. Kd4 Rd1+ 87. Kc5 Rc1+ 88. Kb6 Rb1 89. Kc6 Rc1+ 90. Kb7 Bh6 91. Re8+ Kd7 92. f8Q Bxf8 93. Rxf8 1-0

[Event "Titled Tuesday intern op 13th Feb Late"]
[Site "Chess.com INT"]
[Date "2024.02.13"]
[Round "4"]
[White "Rose, Felix"]
[Black "Karas, Marek"]
[Result "0-1"]
[WhiteElo "2091"]
[BlackElo "2228"]
[PlyCount "100"]
[EventDate "2024.02.13"]
[EventType "swiss (blitz)"]
[EventRounds "11"]
[EventCountry "USA"]
[SourceTitle "CB08_2024"]
[SourceDate "2024.02.21"]
[SourceVersion "1"]
[SourceVersionDate "2024.02.21"]
[SourceQuality "1"]

1. e4 e6 2. d4 d5 3. Nc3 Nf6 4. e5 Nfd7 5. f4 c5 6. Nf3 Nc6 7. Be3 Be7 8. Qd2 0-0 9. h4 a6 10. dxc5 Nxc5 11. 0-0-0 b5 12. Bd3 Nxd3+ 13. Qxd3 b4 14. Ng5 g6 15. Ne2 a5 16. Nd4 Nxd4 17. Bxd4 f5 18. exf6 Bxf6 19. Kb1 a4 20. h5 Bxd4 21. Qxd4 Qf6 22. Qxb4 Qxf4 23. Qxf4 Rxf4 24. hxg6 hxg6 25. Rh6 Kg7 26. Rh7+ Kf6 27. Nh3 Rf5 28. g4 Rf3 29. Re1 e5 30. g5+ Ke6 31. Ng1 Rf5 32. Rh8 Bb7 33. Rxa8 Bxa8 34. Ne2 Rxg5 35. Nd4+ Kd6 36. Nb5+ Kc5 37. Nc3 Bc6 38. a3 d4 39. Ne2 e4 40. Nf4 Bd5 41. c4 dxc3 42. bxc3 Rg4 43. c4 Rxf4 44. cxd5 Kxd5 45. Rg1 Rf6 46. Rg5+ Kd4 47. Ra5 e3 48. Rxa4+ Kd3 49. Ra8 e2 50. Re8 Rf3 0-1

[Event "Titled Tuesday intern op 23rd Jan Late"]
[Site "Chess.com INT"]
[Date "2024.01.23"]
[Round "5"]
[White "Buenafe Moya, Javier"]
[Black "Karas, Marek"]
[Result "1-0"]
[WhiteElo "2197"]
[BlackElo "2244"]
[PlyCount "41"]
[EventDate "2024.01.23"]
[EventType "swiss (blitz)"]
[EventRounds "11"]
[EventCountry "USA"]
[SourceTitle "CB05_2024"]
[SourceDate "2024.01.31"]
[SourceVersion "1"]
[SourceVersionDate "2024.01.31"]
[SourceQuality "1"]

1. c4 e5 2. Nc3 Nf6 3. Nf3 e4 4. Ng5 b5 5. Nxb5 c6 6. Nc3 d5 7. cxd5 cxd5 8. e3 h6 9. Nh3 Nc6 10. Nf4 Be7 11. h4 0-0 12. d4 Bg4 13. Be2 Bxe2 14. Qxe2 Bb4 15. Bd2 Qa5 16. g4 Bxc3 17. Bxc3 Qb6 18. g5 hxg5 19. hxg5 Nd7 20. Qh5 f5 21. g6 1-0

[Event "Titled Tuesday intern op 23rd Jan Late"]
[Site "Chess.com INT"]
[Date "2024.01.23"]
[Round "2"]
[White "Karas, Marek"]
[Black "Pavlidou, Ekaterini"]
[Result "0-1"]
[WhiteElo "2244"]
[BlackElo "2206"]
[PlyCount "82"]
[EventDate "2024.01.23"]
[EventType "swiss (blitz)"]
[EventRounds "11"]
[EventCountry "USA"]
[SourceTitle "CB05_2024"]
[SourceDate "2024.01.31"]
[SourceVersion "1"]
[SourceVersionDate "2024.01.31"]
[SourceQuality "1"]

1. d4 Nf6 2. Bf4 c5 3. d5 d6 4. Nc3 g6 5. e4 Bg7 6. Qd2 Nbd7 7. h4 h5 8. Nf3 Ng4 9. Be2 a6 10. a4 b6 11. Bg3 Bh6 12. Qd1 Nde5 13. Nxe5 dxe5 14. Bxg4 Bxg4 15. f3 Bd7 16. Bxe5 f6 17. Bg3 b5 18. axb5 axb5 19. 0-0 Rxa1 20. Qxa1 0-0 21. Qa7 b4 22. Ne2 Bb5 23. Re1 Bd2 24. Nf4 Bxe1 25. Bxe1 Qd6 26. Ne6 Rc8 27. Bf2 c4 28. Bc5 Qd7 29. Qxd7 Bxd7 30. Bxe7 Bxe6 31. dxe6 b3 32. cxb3 cxb3 33. Bxf6 Re8 34. e7 Kf7 35. e5 Rc8 36. Kh2 Rc2 37. Kg3 Ke8 38. e6 Re2 39. Kf4 Rxe6 40. Kg5 Re2 41. g4 Rf2 0-1

[Event "Titled Tuesday intern op 19th Dec Early"]
[Site "Chess.com INT"]
[Date "2023.12.19"]
[Round "4"]
[White "Yuan, Qingyu"]
[Black "Karas, Marek"]
[Result "1-0"]
[WhiteElo "2360"]
[BlackElo "2232"]
[PlyCount "115"]
[EventDate "2023.12.19"]
[EventType "swiss (blitz)"]
[EventRounds "11"]
[EventCountry "USA"]
[SourceTitle "CB52_2023"]
[SourceDate "2023.12.27"]
[SourceVersion "1"]
[SourceVersionDate "2023.12.27"]
[SourceQuality "1"]

1. e4 e6 2. d4 d5 3. Nd2 c5 4. Ngf3 cxd4 5. Nxd4 Nc6 6. Bb5 Bd7 7. Nxc6 bxc6 8. Bd3 Bd6 9. Qe2 Qc7 10. Nf3 Ne7 11. e5 Bc5 12. 0-0 Bb6 13. c4 c5 14. Bg5 h6 15. Bd2 Bc6 16. Rac1 d4 17. Be4 Bxe4 18. Qxe4 Qc6 19. Qe2 a5 20. Ne1 Bc7 21. b3 Nf5 22. Nd3 0-0 23. h3 Kh8 24. Qg4 a4 25. b4 cxb4 26. Bxb4 Rfb8 27. a3 Ba5 28. Qf4 Bxb4 29. Nxb4 Qc5 30. Rfd1 Ra5 31. Qe4 Rc8 32. Re1 Kg8 33. Kh2 Ne7 34. f4 Nc6 35. Rb1 Ra7 36. Rec1 Rd7 37. Qd3 Na5 38. Rc2 Nb3 39. Rd1 Rdd8 40. Qe4 Qb6 41. Qf3 Nc5 42. Qf2 Nb3 43. Rd3 Rd7 44. Rg3 Kh8 45. Qe2 Qd8 46. Nd3 Qf8 47. Nb4 Nc5 48. Rd2 Rcd8 49. Qg4 Rc8 50. Rf3 Nb3 51. Rd1 g6 52. Qh4 Qg7 53. Qf2 Rxc4 54. Qe2 Rc8 55. Qb5 Rcd8 56. Qxa4 Nc5 57. Qb5 Ne4 58. Nc6 1-0

[Event "Titled Tuesday intern op 12th Dec Early"]
[Site "Chess.com INT"]
[Date "2023.12.12"]
[Round "4"]
[White "Dragun, Kamil"]
[Black "Karas, Marek"]
[Result "1-0"]
[WhiteElo "2553"]
[BlackElo "2232"]
[PlyCount "109"]
[EventDate "2023.12.12"]
[EventType "swiss (blitz)"]
[EventRounds "11"]
[EventCountry "USA"]
[SourceTitle "CB51_2023"]
[SourceDate "2023.12.20"]
[SourceVersion "1"]
[SourceVersionDate "2023.12.20"]
[SourceQuality "1"]

1. d4 Nf6 2. c4 e6 3. Nf3 d5 4. Nc3 a6 5. c5 b6 6. cxb6 cxb6 7. Bf4 Bd6 8. Bxd6 Qxd6 9. e3 0-0 10. Bd3 Nbd7 11. 0-0 Bb7 12. Rc1 b5 13. a4 b4 14. Nb1 Rac8 15. Qe2 Ne4 16. Nbd2 Rxc1 17. Rxc1 Nxd2 18. Qxd2 Rc8 19. Rxc8+ Bxc8 20. Qc2 Bb7 21. Bxh7+ Kf8 22. Bd3 Qc6 23. Qxc6 Bxc6 24. b3 a5 25. Ne5 Nxe5 26. dxe5 f6 27. f4 fxe5 28. fxe5 Be8 29. h4 Bh5 30. Bc2 Kf7 31. Kf2 Bg4 32. Kg3 Be2 33. Kf4 Bf1 34. g4 Be2 35. h5 Kf8 36. Kg5 Kf7 37. Kh4 Bf3 38. g5 Be2 39. h6 gxh6 40. gxh6 Bf3 41. Kg5 Be2 42. Bg6+ Kg8 43. Bh5 Bd3 44. Bg4 Kf7 45. Bh5+ Kg8 46. Kf6 Bc2 47. Bf7+ Kh7 48. Bxe6 Bxb3 49. e4 Bxa4 50. exd5 b3 51. d6 b2 52. Bf5+ Kxh6 53. e6 Be8 54. d7 Bxd7 55. exd7 1-0

[Event "SVK-chT 2324"]
[Site "Slovakia"]
[Date "2023.11.04"]
[Round "1.6"]
[White "Karas, Marek"]
[Black "Vass, Frantisek"]
[Result "1-0"]
[WhiteElo "2209"]
[BlackElo "2316"]
[PlyCount "85"]
[EventDate "2023.11.04"]
[EventType "team-tourn"]
[EventRounds "11"]
[EventCountry "SVK"]
[SourceTitle "Mega2024 Update 01"]
[Source "Chessbase"]
[SourceDate "2023.11.12"]
[SourceVersion "1"]
[SourceVersionDate "2023.11.12"]
[SourceQuality "1"]
[WhiteTeam "Osuske"]
[BlackTeam "Podhajska Aquamarin"]
[WhiteTeamCountry "SVK"]
[BlackTeamCountry "SVK"]

1. d4 d5 2. c4 e6 3. Nf3 Nf6 4. g3 Nbd7 5. Bg2 Bb4+ 6. Bd2 Qe7 7. a3 Bxd2+ 8. Nbxd2 0-0 9. Qc2 c6 10. 0-0 e5 11. cxd5 Nxd5 12. Rad1 Re8 13. e4 N5b6 14. d5 cxd5 15. exd5 Nxd5 16. Rfe1 N5b6 17. Nb3 f6 18. Nfd4 Nf8 19. Na5 Bg4 20. Rc1 Qd7 21. Ndb3 Rac8 22. Nc5 Rxc5 23. Qxc5 Ne6 24. Qe3 Nd4 25. Nxb7 Rc8 26. Rxc8+ Qxc8 27. Qd3 h5 28. Nd6 Qd7 29. h3 Be2 30. Rxe2 Nxe2+ 31. Qxe2 Qxd6 32. Qxh5 Qd4 33. b3 Qa1+ 34. Kh2 Qd4 35. Qf5 Kf7 36. Qc2 Kg8 37. Be4 a5 38. Kg2 Kf8 39. h4 Ke7 40. h5 Nd7 41. Bf3 Nf8 42. Qc7+ Ke6 43. Qxg7 1-0

[Event "Titled Tuesday intern op 26th Sep Late"]
[Site "Chess.com INT"]
[Date "2023.09.26"]
[Round "7"]
[White "Karas, Marek"]
[Black "Jaskolka, Tomasz"]
[Result "0-1"]
[WhiteElo "2208"]
[BlackElo "2228"]
[PlyCount "30"]
[EventDate "2023.09.26"]
[EventType "swiss (blitz)"]
[EventRounds "11"]
[EventCountry "USA"]
[SourceTitle "EXT 2024"]
[Source "ChessBase"]
[SourceDate "2023.10.10"]
[SourceVersion "1"]
[SourceVersionDate "2023.10.10"]
[SourceQuality "1"]

1. d4 d5 2. c4 e5 3. dxe5 d4 4. Nf3 Nc6 5. a3 a5 6. e3 Bc5 7. exd4 Bxd4 8. Nxd4 Qxd4 9. Qxd4 Nxd4 10. Bd3 Nb3 11. Nd2 Nxa1 12. a4 Ne7 13. b3 Bf5 14. Bxf5 Nxf5 15. Kd1 0-0-0 0-1

[Event "Titled Tuesday intern op 26th Sep Late"]
[Site "Chess.com INT"]
[Date "2023.09.26"]
[Round "9"]
[White "Karas, Marek"]
[Black "Romanchuk, Viktor"]
[Result "0-1"]
[WhiteElo "2208"]
[BlackElo "2266"]
[PlyCount "74"]
[EventDate "2023.09.26"]
[EventType "swiss (blitz)"]
[EventRounds "11"]
[EventCountry "USA"]
[SourceTitle "EXT 2024"]
[Source "ChessBase"]
[SourceDate "2023.10.10"]
[SourceVersion "1"]
[SourceVersionDate "2023.10.10"]
[SourceQuality "1"]

1. d4 d5 2. Nf3 Nf6 3. c4 c6 4. Nc3 e6 5. g3 dxc4 6. Bg2 b5 7. 0-0 Bb7 8. e4 a6 9. e5 Nd5 10. Ng5 Nxc3 11. bxc3 h6 12. Qh5 g6 13. Qh3 Nd7 14. Nxe6 fxe6 15. Qxe6+ Qe7 16. Qxg6+ Qf7 17. Qe4 Qe7 18. f4 Nb6 19. f5 0-0-0 20. Bh3 Kb8 21. f6 Qc7 22. e6 c5 23. Qf5 Qc6 24. Bf4+ Bd6 25. d5 Nxd5 26. Bg2 Bxf4 27. Rxf4 Qd6 28. e7 Nxe7 29. fxe7 Qxe7 30. Bxb7 Kxb7 31. Qf7 Rd7 32. Qxe7 Rxe7 33. Rb1 Rhe8 34. Kg2 Kc6 35. Rf2 Re2 36. Rbf1 b4 37. Rc1 Kb5 0-1

[Event "Titled Tuesday intern op 19th Sep Early"]
[Site "Chess.com INT"]
[Date "2023.09.19"]
[Round "11"]
[White "Aghasiyev, Kamal"]
[Black "Karas, Marek"]
[Result "1-0"]
[WhiteElo "2441"]
[BlackElo "2208"]
[PlyCount "97"]
[EventDate "2023.09.19"]
[EventType "swiss (blitz)"]
[EventRounds "11"]
[EventCountry "USA"]
[SourceTitle "EXT 2024"]
[Source "ChessBase"]
[SourceDate "2023.10.10"]
[SourceVersion "1"]
[SourceVersionDate "2023.10.10"]
[SourceQuality "1"]

1. d4 Nf6 2. c4 c5 3. d5 b5 4. Qc2 bxc4 5. e4 e6 6. Nc3 exd5 7. exd5 d6 8. Bxc4 Nbd7 9. Nf3 Be7 10. 0-0 0-0 11. h3 Nb6 12. b3 Nxc4 13. bxc4 Ba6 14. Qa4 Bc8 15. Re1 Bd7 16. Qc2 Re8 17. Bf4 h6 18. Nd2 Bf8 19. Qd3 Nh5 20. Bh2 Qh4 21. Nde4 Bf5 22. g4 Bxe4 23. Nxe4 Rxe4 24. Rxe4 Nf6 25. Re3 h5 26. Bg3 Qxh3 27. Bxd6 Qxg4+ 28. Rg3 Qe4 29. Bxf8 Qxd3 30. Rxd3 Kxf8 31. Rb1 Rd8 32. Rb5 Nd7 33. Ra5 Ne5 34. Rc3 Rc8 35. Rxa7 g5 36. a4 g4 37. a5 Kg7 38. a6 Kf6 39. Rb7 Nf3+ 40. Kf1 Nd2+ 41. Kg2 Ne4 42. Ra3 Nd6 43. Rb6 Ke5 44. Ra4 Ra8 45. a7 Nc8 46. Rb7 f5 47. f3 h4 48. fxg4 fxg4 49. Ra6 1-0